[Event "Mittelrhein Regionalliga 18/19"]
[Site "Nordrheinwestfalen"]
[Date "2019.05.19"]
[Round "11.2"]
[White "Limp, Roland"]
[Black "Draeger, Thomas"]
[Result "0-1"]
[WhiteElo "2149"]
[BlackElo "2208"]
[PlyCount "48"]
[EventDate "2018.10.28"]
[EventType "team-tourn"]
[EventRounds "11"]
[EventCountry "GER"]
[SourceTitle "EXT 2022"]
[Source "ChessBase"]
[SourceDate "2021.10.06"]
[SourceVersion "1"]
[SourceVersionDate "2021.10.06"]
[SourceQuality "1"]
[WhiteTeam "Bonn Stadtverwaltung"]
[BlackTeam "Wuerselen"]
[WhiteTeamCountry "GER"]
[BlackTeamCountry "GER"]

1. Nf3 c5 2. g3 g6 3. Bg2 Bg7 4. c4 Nc6 5. Nc3 e6 6. 0-0 Nge7 7. d3 0-0 8. Bd2 d5 9. cxd5 exd5 10. Qc1 Re8 11. h3 b6 12. Rb1 Bb7 13. a3 Rc8 14. Qd1 d4 15. Na4 Nd5 16. Re1 Qd6 17. Rc1 Nce7 18. b3 b5 19. Nb2 Nf5 20. g4 Nfe3 21. Bxe3 dxe3 22. d4 exf2+ 23. Kxf2 Ne3 24. Qd3 Bxf3 0-1

[Event "Mittelrhein Regionalliga 18/19"]
[Site "Nordrheinwestfalen"]
[Date "2018.10.28"]
[Round "3.3"]
[White "Goldenstein, Arnd"]
[Black "Limp, Roland"]
[Result "1/2-1/2"]
[WhiteElo "1957"]
[BlackElo "2117"]
[PlyCount "127"]
[EventDate "2018.10.28"]
[EventType "team-tourn"]
[EventRounds "11"]
[EventCountry "GER"]
[SourceTitle "EXT 2022"]
[Source "ChessBase"]
[SourceDate "2021.10.06"]
[SourceVersion "1"]
[SourceVersionDate "2021.10.06"]
[SourceQuality "1"]
[WhiteTeam "Koeln SF II"]
[BlackTeam "Bonn Stadtverwaltung"]
[WhiteTeamCountry "GER"]
[BlackTeamCountry "GER"]

1. d4 Nf6 2. c4 g6 3. Nc3 Bg7 4. e4 d6 5. Nf3 0-0 6. Be2 Nbd7 7. 0-0 e5 8. Re1 c6 9. Rb1 a5 10. a3 exd4 11. Nxd4 Nc5 12. Bf1 Re8 13. f3 a4 14. Nc2 Qc7 15. Bf4 Rd8 16. Qd2 Nb3 17. Qe3 Qa5 18. Rbd1 Ne8 19. e5 Bf5 20. Nd4 Nxd4 21. Rxd4 dxe5 22. Rxd8 Rxd8 23. Bxe5 Nc7 24. Bxg7 Kxg7 25. Qe5+ Qxe5 26. Rxe5 Bc2 27. Re7 Rc8 28. Rd7 Kf8 29. g3 Bf5 30. Rd2 Ra8 31. Kf2 Ke7 32. Be2 Bd7 33. Bd1 c5 34. Bc2 f5 35. h3 Bc6 36. g4 fxg4 37. hxg4 Ne6 38. Nd5+ Bxd5 39. Rxd5 b6 40. Kg3 Nd4 41. Bd1 Ne6 42. Rd2 h5 43. Bc2 hxg4 44. fxg4 g5 45. Rd5 Ra7 46. Bd1 Ra8 47. Rd2 Nf4 48. Kf3 Ne6 49. Ke4 Rf8 50. Bxa4 Rf4+ 51. Ke5 Nd4 52. Bd1 Rf6 53. Ke4 Kd6 54. b4 Rf4+ 55. Ke3 Ke5 56. bxc5 bxc5 57. a4 Re4+ 58. Kd3 Nc6 59. Re2 Rxe2 60. Bxe2 Na5 61. Bf3 Kf4 62. Bd5 Ke5 63. Kc3 Kf4 64. Be6 1/2-1/2

[Event "Mittelrhein Verbandsliga-S 17/18"]
[Site "Nordrheinwestfalen"]
[Date "2018.02.25"]
[Round "8.1"]
[White "Fuchs, Andreas"]
[Black "Limp, Roland"]
[Result "1-0"]
[WhiteElo "2014"]
[BlackElo "2130"]
[PlyCount "93"]
[EventDate "2017.09.10"]
[EventType "team-tourn"]
[EventRounds "11"]
[EventCountry "GER"]
[SourceTitle "EXT 2022"]
[Source "ChessBase"]
[SourceDate "2021.10.06"]
[SourceVersion "1"]
[SourceVersionDate "2021.10.06"]
[SourceQuality "1"]
[WhiteTeam "Lohmar"]
[BlackTeam "Rheinbacher SF"]
[WhiteTeamCountry "GER"]
[BlackTeamCountry "GER"]

1. d4 Nf6 2. Nf3 g6 3. c4 Bg7 4. Nc3 d6 5. e4 0-0 6. h3 Nbd7 7. e5 Ne8 8. Be2 c5 9. exd6 Nxd6 10. 0-0 Nf5 11. d5 Nb6 12. a4 a5 13. Bf4 Bd7 14. Qb3 Nd6 15. Ne5 Be8 16. Rfd1 Nbc8 17. Rac1 Qb6 18. Nb5 Nxb5 19. cxb5 Qf6 20. Nd3 b6 21. Be5 Qg5 22. Bf4 Qf6 23. Be5 Qg5 24. Bf4 Qf6 25. Rc4 g5 26. Be5 Qg6 27. Rg4 h6 28. Nf4 Qf5 29. Bxg7 Kxg7 30. Qc3+ Kg8 31. h4 f6 32. hxg5 hxg5 33. Qh3 Qh7 34. Qg3 Bd7 35. Bd3 Qh6 36. Ne6 Bxe6 37. dxe6 Nd6 38. f4 Qg7 39. Kf2 Rad8 40. Rh1 c4 41. Bc2 Nb7 42. Bh7+ Qxh7 43. Rxh7 Kxh7 44. Qh3+ Kg7 45. Qh5 Nd6 46. fxg5 Rh8 47. gxf6+ 1-0

[Event "Mittelrhein Verbandsliga-S 17/18"]
[Site "Nordrheinwestfalen"]
[Date "2018.01.14"]
[Round "6.1"]
[White "Karimi, Farhad"]
[Black "Limp, Roland"]
[Result "1/2-1/2"]
[WhiteElo "2062"]
[BlackElo "2130"]
[PlyCount "63"]
[EventDate "2017.09.10"]
[EventType "team-tourn"]
[EventRounds "11"]
[EventCountry "GER"]
[SourceTitle "EXT 2022"]
[Source "ChessBase"]
[SourceDate "2021.10.06"]
[SourceVersion "1"]
[SourceVersionDate "2021.10.06"]
[SourceQuality "1"]
[WhiteTeam "Satranc Club"]
[BlackTeam "Rheinbacher SF"]
[WhiteTeamCountry "GER"]
[BlackTeamCountry "GER"]

1. d4 Nf6 2. c4 g6 3. Nc3 Bg7 4. e4 d6 5. h3 0-0 6. Be3 c5 7. d5 e6 8. Nf3 a6 9. Be2 b5 10. cxb5 axb5 11. Bxb5 Nxe4 12. Nxe4 Qa5+ 13. Nfd2 Qxb5 14. Nxd6 Qxb2 15. Rb1 Qe5 16. N2c4 Qc3+ 17. Bd2 Qd4 18. 0-0 Ba6 19. Be3 Qxd5 20. Nb6 Qc6 21. Nxa8 Bxf1 22. Qxf1 Qxa8 23. Bxc5 Nd7 24. Bb4 Qxa2 25. Rd1 Nb6 26. Ne4 Ra8 27. Qb5 Nd5 28. Bd6 f5 29. Bb8 Qa4 30. Qxa4 Rxa4 31. Nc5 Rd4 32. Rxd4 1/2-1/2

[Event "Mittelrhein Verbandsliga-O 16/17"]
[Site "Nordrheinwestfalen"]
[Date "2016.12.18"]
[Round "5"]
[White "Vandenbergen, Nicolas"]
[Black "Limp, Roland"]
[Result "0-1"]
[WhiteElo "2082"]
[BlackElo "2156"]
[PlyCount "114"]
[EventDate "2016.09.11"]
[EventType "team-tourn"]
[EventRounds "11"]
[EventCountry "GER"]
[SourceTitle "EXT 2022"]
[Source "ChessBase"]
[SourceDate "2021.10.06"]
[SourceVersion "1"]
[SourceVersionDate "2021.10.06"]
[SourceQuality "1"]
[WhiteTeam "Euskirchen Turm"]
[BlackTeam "Rheinbacher SF"]
[WhiteTeamCountry "GER"]
[BlackTeamCountry "GER"]

1. d4 Nf6 2. c4 g6 3. Nc3 Bg7 4. e4 d6 5. Nf3 0-0 6. Be2 Nbd7 7. 0-0 e5 8. d5 Nc5 9. Nd2 a5 10. Rb1 Bh6 11. Qc2 Ne8 12. b3 f5 13. a3 Nf6 14. f3 Nh5 15. Rd1 Be3+ 16. Kh1 Qh4 17. Nf1 Bf2 18. Be3 Ng3+ 19. Nxg3 Bxe3 20. b4 Bf2 21. Nf1 axb4 22. axb4 Na6 23. Bd3 f4 24. Rd2 Bb6 25. Qa4 Qd8 26. Qc2 Bd7 27. Qb3 Kg7 28. Ne2 Qe7 29. Qc3 Rac8 30. Rc2 g5 31. Qb2 Rce8 32. Ra1 Bf2 33. c5 dxc5 34. Bxa6 bxa6 35. Rxa6 c4 36. Qc3 Rb8 37. Qxc4 Bb5 38. Qxc7 Qxc7 39. Rxc7+ Rf7 40. Rxf7+ Kxf7 41. Ra2 Bc4 42. Rb2 Bc5 43. g3 Rxb4 44. Rc2 Bb6 45. Kg2 g4 46. gxf4 exf4 47. Rd2 Rb3 48. Ng1 gxf3+ 49. Nxf3 Bxf1+ 50. Kxf1 Rxf3+ 51. Kg2 Re3 52. Rb2 Bc5 53. Rb7+ Kf6 54. Rc7 Bd6 55. Rxh7 Rxe4 56. Rh5 Re3 57. h4 Rd3 0-1

[Event "Mittelrhein Verbandsliga-O 16/17"]
[Site "Nordrheinwestfalen"]
[Date "2016.11.27"]
[Round "4"]
[White "Limp, Roland"]
[Black "Hemmert, Burghard"]
[Result "1-0"]
[WhiteElo "2156"]
[BlackElo "2009"]
[PlyCount "41"]
[EventDate "2016.09.11"]
[EventType "team-tourn"]
[EventRounds "11"]
[EventCountry "GER"]
[SourceTitle "EXT 2022"]
[Source "ChessBase"]
[SourceDate "2021.10.06"]
[SourceVersion "1"]
[SourceVersionDate "2021.10.06"]
[SourceQuality "1"]
[WhiteTeam "Rheinbacher SF"]
[BlackTeam "Siebengebirge"]
[WhiteTeamCountry "GER"]
[BlackTeamCountry "GER"]

1. c4 Nf6 2. Nc3 e6 3. d4 d5 4. Nf3 c6 5. g3 dxc4 6. a4 Bb4 7. Bg2 Nd5 8. Qc2 Nd7 9. 0-0 Qa5 10. e4 Nxc3 11. bxc3 Bxc3 12. Ba3 Bxa1 13. Rxa1 b5 14. Bd6 Nb6 15. Ne5 Nxa4 16. Nxc6 Qb6 17. d5 Bb7 18. e5 Nc5 19. Qd2 Nd3 20. Qg5 Qxf2+ 21. Kh1 1-0

[Event "Mittelrhein Verbandsliga-O 15/16"]
[Site "Nordrheinwestfalen"]
[Date "2015.10.18"]
[Round "3"]
[White "Limp, Roland"]
[Black "Schwarz, Andreas"]
[Result "1/2-1/2"]
[WhiteElo "2150"]
[BlackElo "2082"]
[PlyCount "20"]
[EventDate "2015.09.06"]
[EventType "team-tourn"]
[EventRounds "11"]
[EventCountry "GER"]
[SourceTitle "EXT 2022"]
[Source "ChessBase"]
[SourceDate "2021.10.06"]
[SourceVersion "1"]
[SourceVersionDate "2021.10.06"]
[SourceQuality "1"]
[WhiteTeam "Rheinbacher SF"]
[BlackTeam "Troisdorf"]
[WhiteTeamCountry "GER"]
[BlackTeamCountry "GER"]

1. c4 c5 2. Nc3 e6 3. e4 Ne7 4. Nf3 Nbc6 5. d3 d5 6. Bf4 a6 7. Be2 d4 8. Nb1 Ng6 9. Bd2 Bd6 10. g3 0-0 1/2-1/2

[Event "Mittelrhein Regionalliga 1415"]
[Site "Mittelrhein"]
[Date "2015.01.11"]
[Round "5.1"]
[White "Luetke, Jens"]
[Black "Limp, Roland"]
[Result "1/2-1/2"]
[WhiteElo "2221"]
[BlackElo "2132"]
[PlyCount "63"]
[EventDate "2014.09.28"]
[EventType "team-tourn"]
[EventRounds "9"]
[EventCountry "GER"]
[SourceTitle "EXT 2023"]
[Source "ChessBase"]
[SourceDate "2022.10.05"]
[SourceVersion "1"]
[SourceVersionDate "2022.10.05"]
[SourceQuality "1"]
[WhiteTeam "Godesberg II"]
[BlackTeam "Rheinbacher SF"]
[WhiteTeamCountry "GER"]
[BlackTeamCountry "GER"]

1. e4 c5 2. Nf3 d6 3. d4 cxd4 4. Qxd4 Nc6 5. Bb5 Bd7 6. Bxc6 Bxc6 7. Nc3 e5 8. Qc4 Be7 9. 0-0 Nf6 10. Bg5 Nd7 11. Bxe7 Qxe7 12. Rfd1 Nb6 13. Qb4 Rd8 14. a4 0-0 15. a5 Nc8 16. a6 b6 17. Ra3 Kh8 18. Nd5 Bxd5 19. exd5 Qd7 20. Qh4 Ne7 21. c4 Ng6 22. Qe4 f5 23. Qe3 h6 24. b4 Rfe8 25. Nd2 e4 26. f4 exf3 27. Qxf3 Re5 28. Qg3 Kh7 29. Nf3 Re4 30. Nd4 Rc8 31. Ne6 Qe7 32. Qf2 1/2-1/2

[Event "Mittelrhein Regionalliga 1415"]
[Site "Mittelrhein"]
[Date "2014.12.07"]
[Round "4.1"]
[White "Limp, Roland"]
[Black "Paris, Michael"]
[Result "1/2-1/2"]
[WhiteElo "2132"]
[BlackElo "2148"]
[PlyCount "27"]
[EventDate "2014.09.28"]
[EventType "team-tourn"]
[EventRounds "9"]
[EventCountry "GER"]
[SourceTitle "EXT 2023"]
[Source "ChessBase"]
[SourceDate "2022.10.05"]
[SourceVersion "1"]
[SourceVersionDate "2022.10.05"]
[SourceQuality "1"]
[WhiteTeam "Rheinbacher SF"]
[BlackTeam "Horrem"]
[WhiteTeamCountry "GER"]
[BlackTeamCountry "GER"]

1. c4 e6 2. d4 d5 3. g3 Nf6 4. Bg2 dxc4 5. Qa4+ c6 6. Qxc4 Bd6 7. Nf3 0-0 8. 0-0 Nbd7 9. Rd1 Qe7 10. Bf4 e5 11. dxe5 Nxe5 12. Nxe5 Bxe5 13. Bxe5 Qxe5 14. Nc3 1/2-1/2

[Event "Mittelrhein Regionalliga 1415"]
[Site "Mittelrhein"]
[Date "2014.09.28"]
[Round "1.1"]
[White "Raasch, Joerg"]
[Black "Limp, Roland"]
[Result "1/2-1/2"]
[WhiteElo "2236"]
[BlackElo "2132"]
[PlyCount "57"]
[EventDate "2014.09.28"]
[EventType "team-tourn"]
[EventRounds "9"]
[EventCountry "GER"]
[SourceTitle "EXT 2023"]
[Source "ChessBase"]
[SourceDate "2022.10.05"]
[SourceVersion "1"]
[SourceVersionDate "2022.10.05"]
[SourceQuality "1"]
[WhiteTeam "Klub Koelner SF II"]
[BlackTeam "Rheinbacher SF"]
[WhiteTeamCountry "GER"]
[BlackTeamCountry "GER"]

1. d4 Nf6 2. Nf3 g6 3. g3 Bg7 4. Bg2 0-0 5. 0-0 d6 6. Nbd2 Nbd7 7. c4 e5 8. Qc2 c6 9. b3 Re8 10. e3 exd4 11. Nxd4 d5 12. Bb2 Nb6 13. c5 Nbd7 14. b4 Qe7 15. Rac1 Nf8 16. b5 Bd7 17. a4 Ne6 18. N2b3 Nxd4 19. Nxd4 Ne4 20. Ba3 Qd8 21. Rfd1 Rb8 22. Rb1 Bh6 23. Rb3 Qf6 24. Rdb1 Rbd8 25. bxc6 bxc6 26. Rf1 Rb8 27. Rfb1 Rbd8 28. Rf1 Rb8 29. Rfb1 1/2-1/2

[Event "Mittelrhein Verbandsliga Ost 1314"]
[Site "Mittelrhein"]
[Date "2014.04.06"]
[Round "9.1"]
[White "Horstmann, Olaf"]
[Black "Limp, Roland"]
[Result "1/2-1/2"]
[WhiteElo "2113"]
[BlackElo "2129"]
[PlyCount "52"]
[EventDate "2013.09.15"]
[EventType "team-tourn"]
[EventRounds "11"]
[EventCountry "GER"]
[SourceTitle "EXT 2023"]
[Source "ChessBase"]
[SourceDate "2022.10.05"]
[SourceVersion "1"]
[SourceVersionDate "2022.10.05"]
[SourceQuality "1"]
[WhiteTeam "Bonn Stadtverwaltung"]
[BlackTeam "Rheinbacher SF"]
[WhiteTeamCountry "GER"]
[BlackTeamCountry "GER"]

1. e4 c5 2. Nc3 d6 3. g3 Nc6 4. Bg2 g6 5. d3 Bg7 6. Nge2 e5 7. h4 h5 8. Nd5 Be6 9. 0-0 Nce7 10. c4 Qd7 11. Rb1 Nxd5 12. cxd5 Bh3 13. b4 Bxg2 14. Kxg2 cxb4 15. Rxb4 Ne7 16. Qb3 b6 17. a4 0-0 18. Ba3 f5 19. f4 Rac8 20. fxe5 Bxe5 21. d4 Bg7 22. e5 Kh7 23. exd6 Qxd6 24. Nf4 Qd7 25. Re1 Rfe8 26. Rb5 Ng8 1/2-1/2

[Event "Mittelrhein Verbandsliga Ost 1314"]
[Site "Mittelrhein"]
[Date "2014.02.09"]
[Round "7.1"]
[White "Limp, Roland"]
[Black "Sondors, Peteris"]
[Result "1-0"]
[WhiteElo "2129"]
[BlackElo "1960"]
[PlyCount "79"]
[EventDate "2013.09.15"]
[EventType "team-tourn"]
[EventRounds "11"]
[EventCountry "GER"]
[SourceTitle "EXT 2023"]
[Source "ChessBase"]
[SourceDate "2022.10.05"]
[SourceVersion "1"]
[SourceVersionDate "2022.10.05"]
[SourceQuality "1"]
[WhiteTeam "Rheinbacher SF"]
[BlackTeam "Godesberg IV"]
[WhiteTeamCountry "GER"]
[BlackTeamCountry "GER"]

1. c4 e5 2. Nc3 Nf6 3. e4 c5 4. g3 Nc6 5. Bg2 g6 6. Nge2 Bg7 7. 0-0 0-0 8. d3 d6 9. h3 Nd4 10. f4 h6 11. f5 gxf5 12. Be3 fxe4 13. dxe4 Be6 14. b3 Kh7 15. Qd2 Qd7 16. Kh2 Ng8 17. g4 a6 18. Ng3 b5 19. Nd5 Bxd5 20. exd5 f6 21. Be4+ Kh8 22. Nf5 Nxf5 23. Bxf5 Qe8 24. Be4 Qf7 25. Rf5 Rfb8 26. cxb5 Rxb5 27. Raf1 Rb4 28. Qg2 Ne7 29. Rh5 Rxe4 30. Qxe4 f5 31. Rfxf5 Nxf5 32. Rxf5 Qg8 33. g5 hxg5 34. Rxg5 Qh7 35. Qg4 Qc2+ 36. Kg3 Ra7 37. Qc8+ Kh7 38. Rh5+ Kg6 39. Qg4+ Kf7 40. Qe6+ 1-0

[Event "Mittelrhein Verbandsliga Ost 1314"]
[Site "Mittelrhein"]
[Date "2013.11.10"]
[Round "3.1"]
[White "Limp, Roland"]
[Black "Riemann, Claus"]
[Result "1/2-1/2"]
[WhiteElo "2129"]
[BlackElo "2121"]
[PlyCount "22"]
[EventDate "2013.09.15"]
[EventType "team-tourn"]
[EventRounds "11"]
[EventCountry "GER"]
[SourceTitle "EXT 2023"]
[Source "ChessBase"]
[SourceDate "2022.10.05"]
[SourceVersion "1"]
[SourceVersionDate "2022.10.05"]
[SourceQuality "1"]
[WhiteTeam "Rheinbacher SF"]
[BlackTeam "Bonn Empor Maulwurf"]
[WhiteTeamCountry "GER"]
[BlackTeamCountry "GER"]

1. c4 c6 2. Nc3 d5 3. d4 Nf6 4. Nf3 Bf5 5. g3 dxc4 6. Ne5 Nbd7 7. Nxc4 Nb6 8. Ne5 e6 9. Bg2 Bb4 10. 0-0 0-0 11. a3 Bxc3 1/2-1/2

[Event "Verbandsliga Mittelrhein-Ost 1213"]
[Site "Germany"]
[Date "2013.03.03"]
[Round "8.1"]
[White "Limp, Roland"]
[Black "Zinchenko, Yaroslav"]
[Result "0-1"]
[WhiteElo "2125"]
[BlackElo "2497"]
[PlyCount "50"]
[EventDate "2012.09.09"]
[EventType "team"]
[EventRounds "11"]
[EventCountry "GER"]
[SourceTitle "EXT 2015"]
[Source "ChessBase"]
[SourceDate "2014.11.20"]
[SourceVersion "1"]
[SourceVersionDate "2014.11.20"]
[SourceQuality "1"]
[WhiteTeam "Rheinbacher SF"]
[BlackTeam "Siegburg"]
[WhiteTeamCountry "GER"]
[BlackTeamCountry "GER"]

1. c4 Nf6 2. Nc3 d5 3. d4 g6 4. g3 Bg7 5. Bg2 dxc4 6. Nf3 c6 7. a4 0-0 8. 0-0 a5 9. e4 Nfd7 10. Qe2 Nb6 11. Rd1 Na6 12. Be3 Nb4 13. Ne1 Qc7 14. d5 Bd7 15. dxc6 Bxc6 16. Bxb6 Qxb6 17. Qxc4 Rac8 18. Qe2 e6 19. Nc2 Nxc2 20. Qxc2 Rfd8 21. Rxd8+ Rxd8 22. Bf1 Qb4 23. Bg2 Bh6 24. Nd1 Qe1+ 25. Bf1 Rd2 0-1

[Event "Verbandsliga Mittelrhein-Ost 1213"]
[Site "Germany"]
[Date "2013.02.03"]
[Round "7.1"]
[White "Weiler, Wolfgang"]
[Black "Limp, Roland"]
[Result "0-1"]
[WhiteElo "2049"]
[BlackElo "2125"]
[PlyCount "82"]
[EventDate "2012.09.09"]
[EventType "team"]
[EventRounds "11"]
[EventCountry "GER"]
[SourceTitle "EXT 2015"]
[Source "ChessBase"]
[SourceDate "2014.11.20"]
[SourceVersion "1"]
[SourceVersionDate "2014.11.20"]
[SourceQuality "1"]
[WhiteTeam "Godesberg V"]
[BlackTeam "Rheinbacher SF"]
[WhiteTeamCountry "GER"]
[BlackTeamCountry "GER"]

1. e4 c5 2. Nc3 Nc6 3. f4 e6 4. Nf3 d5 5. exd5 exd5 6. Bb5 Nf6 7. Ne5 Qd6 8. 0-0 Be7 9. b3 0-0 10. Bxc6 bxc6 11. Ba3 Nd7 12. d4 Qf6 13. Na4 Re8 14. Bxc5 Nxc5 15. Nxc5 Bf5 16. Qd2 Bxc5 17. dxc5 Be4 18. Rae1 Rac8 19. Rf2 Qf5 20. Rfe2 Re6 21. c3 g5 22. Nf3 Bxf3 23. Rxe6 fxe6 24. gxf3 gxf4 25. Qd4 Kf7 26. Qe5 Rg8+ 27. Kf2 Qxe5 28. Rxe5 Kf6 29. Re1 e5 30. b4 Kf5 31. a4 a6 32. Rd1 h5 33. c4 dxc4 34. Rc1 h4 35. Rxc4 h3 36. Rc3 Rg2+ 37. Kf1 Rxh2 38. b5 axb5 39. axb5 Rb2 40. Kg1 Rxb5 41. Kh2 Ke6 0-1

[Event "Verbandsliga Mittelrhein-Ost 1213"]
[Site "Germany"]
[Date "2012.11.11"]
[Round "4.1"]
[White "Limp, Roland"]
[Black "Thiel, Kuno"]
[Result "1/2-1/2"]
[WhiteElo "2125"]
[BlackElo "2175"]
[PlyCount "20"]
[EventDate "2012.09.09"]
[EventType "team"]
[EventRounds "11"]
[EventCountry "GER"]
[SourceTitle "EXT 2015"]
[Source "ChessBase"]
[SourceDate "2014.11.20"]
[SourceVersion "1"]
[SourceVersionDate "2014.11.20"]
[SourceQuality "1"]
[WhiteTeam "Rheinbacher SF"]
[BlackTeam "Hennef"]
[WhiteTeamCountry "GER"]
[BlackTeamCountry "GER"]

1. c4 c5 2. Nc3 e6 3. Nf3 b6 4. g3 Bb7 5. Bg2 Nf6 6. 0-0 Be7 7. d4 cxd4 8. Nxd4 Bxg2 9. Kxg2 Qc7 10. b3 a6 1/2-1/2

[Event "Mittelrhein Verbandsliga-O 1112"]
[Site "Germany"]
[Date "2011.09.18"]
[Round "1"]
[White "Richter, Dirk"]
[Black "Limp, Roland"]
[Result "1/2-1/2"]
[WhiteElo "2030"]
[BlackElo "2125"]
[PlyCount "98"]
[EventDate "2011.09.18"]
[EventType "team-tourn"]
[EventRounds "11"]
[EventCountry "GER"]
[SourceTitle "EXT 2013"]
[Source "ChessBase"]
[SourceDate "2012.11.22"]
[SourceVersion "1"]
[SourceVersionDate "2012.11.22"]
[SourceQuality "1"]
[WhiteTeam "Siebengebirge"]
[BlackTeam "Rheinbacher SF"]
[WhiteTeamCountry "GER"]
[BlackTeamCountry "GER"]

1. c4 Nf6 2. Nc3 c5 3. g3 Nc6 4. Bg2 e6 5. Nf3 Be7 6. d4 cxd4 7. Nxd4 a6 8. 0-0 Qc7 9. b3 0-0 10. Bb2 Rb8 11. Rc1 d6 12. e4 Bd7 13. Kh1 Nxd4 14. Qxd4 e5 15. Qd2 Rfd8 16. a3 Qb6 17. b4 Rdc8 18. f4 exf4 19. Qxf4 Be6 20. Nd5 Bxd5 21. exd5 Qd8 22. g4 Qf8 23. g5 Nd7 24. Bh3 Rd8 25. Rce1 f6 26. Bxd7 Rxd7 27. gxf6 Bxf6 28. Bxf6 Qxf6 29. Qxf6 gxf6 30. Rxf6 b5 31. cxb5 Rxb5 32. Rg1+ Rg7 33. Rxd6 Rxg1+ 34. Kxg1 a5 35. Ra6 axb4 36. d6 Kf7 37. axb4 Rxb4 38. Ra7+ Ke6 39. Rxh7 Kxd6 40. Rf7 Rb2 41. h3 Ke6 42. Rf3 Ra2 43. h4 Ra4 44. Rh3 Kf6 45. h5 Kg7 46. Kg2 Kh6 47. Kg3 Ra3+ 48. Kh4 Rxh3+ 49. Kxh3 Kxh5 1/2-1/2

[Event "Berlin tt 0001"]
[Site "Berlin"]
[Date "2001.03.18"]
[Round "7.5"]
[White "Limp, Roland"]
[Black "Billing, Georg"]
[Result "1/2-1/2"]
[WhiteElo "2154"]
[BlackElo "2092"]
[PlyCount "42"]
[EventDate "2000.10.22"]
[EventType "team"]
[EventRounds "11"]
[EventCountry "GER"]
[SourceTitle "EXT 2007"]
[Source "ChessBase"]
[SourceDate "2006.11.23"]
[SourceVersion "1"]
[SourceVersionDate "2006.11.23"]
[SourceQuality "1"]

1. c4 Nf6 2. Nc3 d6 3. g3 c6 4. Bg2 e5 5. e4 Be7 6. Nge2 Bg4 7. h3 Be6 8. d3 Qc8 9. f4 g6 10. Be3 Na6 11. Qd2 c5 12. Nd5 Nxd5 13. cxd5 Bd7 14. fxe5 dxe5 15. Qc3 f6 16. g4 Qc7 17. Bf3 Rc8 18. a3 Qd6 19. h4 Nc7 20. Rc1 b6 21. h5 g5 1/2-1/2

[Event "Berlin tt 0001"]
[Site "Berlin"]
[Date "2000.10.22"]
[Round "1.4"]
[White "Limp, Roland"]
[Black "Grabow, Gilbert"]
[Result "1/2-1/2"]
[WhiteElo "2154"]
[BlackElo "2181"]
[PlyCount "27"]
[EventDate "2000.10.22"]
[EventType "team"]
[EventRounds "11"]
[EventCountry "GER"]
[SourceTitle "EXT 2007"]
[Source "ChessBase"]
[SourceDate "2006.11.23"]
[SourceVersion "1"]
[SourceVersionDate "2006.11.23"]
[SourceQuality "1"]

1. c4 Nf6 2. g3 g6 3. Bg2 Bg7 4. Nc3 d6 5. e4 c5 6. Nge2 Nc6 7. d3 0-0 8. 0-0 a6 9. h3 Bd7 10. Be3 b5 11. Qd2 b4 12. Nd1 a5 13. Rb1 Ne8 14. f4 1/2-1/2